A critical handbook of children's literature
Αποθηκεύτηκε σε:
| Κύριος συγγραφέας: | |
|---|---|
| Μορφή: | Βιβλίο |
| Γλώσσα: | English |
| Δημοσίευση: |
New York :
HarperCollins,
c1995.
|
| Έκδοση: | 5th ed. |
| Θέματα: | |
| Ετικέτες: |
Προσθήκη ετικέτας
Δεν υπάρχουν, Καταχωρήστε ετικέτα πρώτοι!
|
MARC
| LEADER | 00000cam a2200000 i 4500 | ||
|---|---|---|---|
| 001 | 1/73190 | ||
| 008 | 980604s1995 us | ||| |||| | eng|| | ||
| 020 | |a 0673469379 | ||
| 035 | |l 10031448 | ||
| 035 | |a 1995 |b 1 |c Ζερβού | ||
| 035 | |a 1995 |b 3 |c Ζερβού | ||
| 040 | |a GR-MY-UA |b gre |e aacr | ||
| 041 | 0 | |a eng | |
| 082 | 7 | |a 809.89282 |2 (20) | |
| 100 | 1 | |a Lukens, Rebecca J., |d 1922- | |
| 245 | 1 | 2 | |a A critical handbook of children's literature / |c Rebecca J. Lukens. |
| 250 | |a 5th ed. | ||
| 260 | |a New York : |b HarperCollins, |c c1995. | ||
| 300 | |a xiv, 352 σ. : |b εικ. ; |c 24 εκ. | ||
| 504 | |a Περιέχει βιβλιογραφικές παραπομπές και ευρετήριο. | ||
| 650 | 0 | 0 | |a Children's literature |x History and criticism. |
| 852 | |a INST |b RHODES |e 19980604 |h 809.89282 LUK |p 005400007665 |q 005400007665 |t BK |y 0 | ||
| 852 | |a INST |b RHODES |e 19980604 |h 809.89282 LUK |p 005400011662 |q 005400011662 |t BK |y 0 | ||
| 909 | |a Ρ |b 039604 | ||
| 909 | |a Ρ |b 043473 | ||